| 000 | 01083nam0a22002411 4500 | ||
|---|---|---|---|
| 001 | rc\435295 | ||
| 005 | 20030616170936.5 | ||
| 035 | _a(NLR Aleph) 005681819 | ||
| 090 |
_a7082864 _c7082864 |
||
| 100 | _a20030616d1987 u |0rusy50 ca | ||
| 101 | 0 | _arus | |
| 102 | _aRU | ||
| 105 | _aa ||||||||| | ||
| 200 | 1 |
_aТехнологические измерения и приборы в текстильной и легкой промышленности _eУчеб. пособие [для студентов спец. 0639 технол. вузов] _fМ-во высш. и сред. спец. образования РСФСР. Ленингр. технол. ин-т им. Ленсовета, Ленингр. ин-т текстил. и лег. пром-сти им. С.М. Кирова |
|
| 210 |
_aЛ. _cЛТИ _d1987 |
||
| 215 |
_a84 с. _cил. _d20 |
||
| 320 | _aБиблиогр.: с. 82 | ||
| 700 | 1 |
_aЛавров _bК. А. _gКонстантин Алексеевич |
|
| 801 | 0 |
_aRU _bNLR _gpsbo |
|
| 801 | 1 |
_aRU _bELAR _2rusmarc |
|
| 852 |
_aNLR _j88-4/28536 |
||
| 942 | _cBOOK | ||
| 980 | _aNB | ||